000 nam a22 7a 4500
999 _c17961
_d17961
008 161130b xxu||||| |||| 00| 0 eng d
050 _aND813
_b .T4K44 1961
100 _aKelemen,Pal
245 _aEl Greco Revisited:
_bCandia. Venice. Toledo/
_cPal Kelemen
260 _aNew York :
_b The Macmillan Company,
_cc1961
300 _axii, 176p. :
_bill. ;
500 _aIncludes bibliography and index.
942 _2lcc
_cBOOKS
_hND813 .T4K44 1961